000 01200nam1a22002891 4500
001 rc\4099484
005 20250807190154.0
035 _a(NLR Aleph) 008137809
090 _a88736
_c88736
100 _a20250807 rusy50
101 0 _arus
102 _aRU
105 _a z |||||
200 1 _aИстория царской тюрьмы
_fВсесоюз. ин-т юрид. наук Министерства юстиции СССР
210 _aМосква
_cЮрид. изд-во
_d1941-1948
_gтип. "Кр. пролетарий"
215 _d22
300 _aПеред загл. авт.: засл. деятель науки, проф. М.Н. Гернет
606 _aТюрьма, каторга и ссылка в России
_xИстория
_2psbo
700 1 _aГернет
_bМ.Н.
_f1874-1953
_gМихаил Николаевич
801 0 _aRU
_bNLR
_gpsbo
801 1 _aRU
_bELAR
_2rusmarc
852 _aNLR
_jИр10 Г-5/35
942 _cBOOK
945 _aРоссийская национальная библиотека
_aЦентральная городская библиотека Нижнего Новгорода
980 _aBV
980 _aNB